| 000 | 00677nam a22001937a 4500 | ||
|---|---|---|---|
| 999 |
_c166352 _d166352 |
||
| 005 | 20220217143446.0 | ||
| 010 | _aENG-126029 | ||
| 020 |
_a9788178441870 _c1495.00 |
||
| 035 | _aEN-109561 | ||
| 037 | _bDBAD/PUB | ||
| 082 | _a302.23 | ||
| 100 | _aDibyanshu Kumar | ||
| 245 |
_aMass media and communications : _btheory and practice / _cby Dibyanshu Kumar |
||
| 260 |
_aNew Delhi _bR.K. Pulblications _c2018 |
||
| 270 |
_a4806/24, Bharat Ram Road, Darya Ganj _bNew Delhi _e110002 _k011-23285167, 65185557 _minfo@kkpublications.com |
||
| 300 |
_aviii,288p. _c24(Hb) |
||
| 500 | _aIncludes bibliographical references and index | ||
| 942 |
_2ddc _cEN _h302.23 _mDIB |
||